Quizzes
Events
Quiz Creation
Community
Videos
Private Events
Remove Ads
Sign In
Join for FREE
Feedback
Dark Mode
Quiz Categories
Sports
Geography
Music
Movies
Television
Just For Fun
Miscellaneous
History
Literature
Language
Science
Gaming
Entertainment
Religion
Holiday
For Kids
Quiz Lab
Recent
Popular Today
Quiz Kudos Today
Editor Picks
Curator Picks
Quizzes by...
Day
Popularity
Type
Ratings
Length
Year
Community
Subscriptions
Recent Discussions
Orange Saloon
Badges
Playlists
Quests
Create
Leaderboards
Showdown
Live 5
Trivia Bingo
Activity
Puzzle Library
Sporcle Events
Private Events
Virtual Trivia
Globe League
Become a Host
Pub Owners
SporcleCon
Opinionation
Our Games
Videos
Blog
Mobile Apps
Partnerships
Remove Ads and Go Orange
Feedback
Sports
Athletes
MLB
NBA
NHL
NFL
Soccer
Sports Teams
WWE
NCAA
Football
Premier League
Basketball
Baseball
Hockey
Golf
Tennis
Cricket
Rugby
Auto Racing
Olympics
World Cup
Sports
Athletes
MLB
NBA
NHL
NFL
Soccer
Sports Teams
WWE
NCAA
Football
Premier League
Basketball
Baseball
Hockey
Golf
Tennis
Cricket
Rugby
Auto Racing
Olympics
World Cup
Random Quiz
Search Sporcle
×
Quiz Lab
Quiz Lab
Sports
Premier League
Type in answers that appear in a list
Type in answers that appear in a list
Classic
Best Score? Go Orange.
West Ham 2-1 Tottenham line-ups (2005/06) Stats
Can you name the line-ups from West Ham 2-1 Tottenham (2005/06)?
By
FourFourTwo_
8m
32 Questions
2,549 Plays
2,549 Plays
2,549 Plays
Comments
Comments
Give Quiz Kudos
Give Quiz Kudos
-
- Ratings
hide this ad
Replay
Link that replays current quiz
Next Quiz
Link to next quiz in quiz playlist
You Got
0%
They Got
Avg Score
28%
Avg Friend Score
Upgrade to see
Score Distribution
Jump to the score distribution portion of the page
Score
0/32
Timer
08:00
0
Plays Today
Position
Player
% Correct
FW
Jermain Defoe
80.5%
FW
Robbie Keane
70.1%
GK
Paul Robinson
59.2%
CB
Michael Dawson
53%
MF
Michael Carrick
47%
GK
Shaka Hislop
41.7%
MF
Aaron Lennon
40.9%
CB
Anton Ferdinand
39.7%
FW
Teddy Sheringham
36.4%
Sub (FW)
Marlon Harewood
34.2%
LB
Paul Konchesky
33.4%
Sub (CB)
James Collins
32.9%
FW
Bobby Zamora
31.7%
MF
Yossi Benayoun
30.9%
Sub (GK)
Jimmy Walker
28.2%
MF
Nigel Reo-Coker
27.5%
Position
Player
% Correct
MF
Edgar Davids
23.5%
MF
Teemu Tainio
20%
CB
Danny Gabbidon
19.3%
LB
Lee Young-pyo
18.9%
Sub (MF)
Andy Reid
17.5%
Sub (MF)
Kyel Reid
17.4%
MF
Carl Fletcher
16.9%
CB
Anthony Gardner
13.9%
RB
Lionel Scaloni
13.8%
Sub (CB)
Christian Dailly
13%
Sub (MF)
Danny Murphy
11.4%
Sub (GK)
Radek Cerny
8.1%
MF
Shaun Newton
7.9%
Sub (CB)
Calum Davenport
7.7%
RB
Stephen Kelly
7.3%
Sub (FW)
Lee Barnard
3.6%
Quiz Playlist
Details
Report
Send in Message
Add To Playlist
Classic:
Type in answers that appear in a list
Last Updated: May 6, 2017
Quiz Scoreboard
CHALLENGE
Sign Up to Join the Scoreboard
Show All
Scores
Hide
Comments
May contain spoilers
Recently Published
Presidents Visiting Landmarks
by Hejman
History
7m
An Introduction to Baseball
by treessimontrees
Sports
5m
Movies - When Are They Set?
by FPL_Elf
Movies
5m
More to Explore
Quiz From the Vault
Featured Blog Post
Where Did the Easter Bunny Come From?
hide this ad
You Might Also Like...
Tags
Football Quiz
Premier League Quiz
Tottenham Hotspur
West Ham United
Today's Top Quizzes in Sports
Browse Sports
hide this ad
Today's Top Quizzes in Premier League
Browse Premier League
Top Contributed Quizzes in Sports
1
Les meilleurs buteurs des matchs entre le PSG et l’OM
2
2022 World Cup Stars
3
FIFA Club World Cup Champions
4
Les entraîneurs de l'OM et du PSG au 21e siècle
5
Name the Premier League winners with different clubs
6
La finale Lions - Afrique du Sud 2021
7
England Test cricketers to play under Nasser Hussain
8
5-to-1: UK Sports Teams
9
Les joueurs passés par le LOSC et le RC Lens
10
Criteria MLB: Left Handed Sluggers
Explore More
Trending Topics
Anime
Crossword
Harry Potter
Marvel
Kpop
Disney
NBA
The Office
Pokémon
Song
Country
Puzzle
WWE
Soccer
NFL
hide this ad
More By:
FourFourTwo_
Quiz
Plays
Rating
Category
Featured
Created
Ballon d'Or winners and nominees since 1995
136,267
4.91
Sports
Jul 25, 2017
Premier League Players in 2018 World Cup
96,732
4.34
Sports
Jun 5, 2018
Every manager of 3+ Premier League clubs
86,548
4.59
Sports
Nov 9, 2017
100+ Premier League goals
85,520
4.59
Sports
Feb 5, 2018
Top 20 rated players from FIFA 13 to FIFA 22
79,940
4.03
Sports
Mar 17, 2020
Go to Creator's Profile
Score Distribution
Quiz Creator Spotlight
FourFourTwo_
Follow
Send a Message
Quizzes Created
-
Created Quiz Play Count
-
More By This Creator
Popular Quizzes Today
1
Find the US States - No Outlines Minefield
2
Find the Countries of Europe - No Outlines Minefield
3
The Countries of the World
4
Find the US States
5
Popular People in 1961
6
US States
7
Risky Map Clicking: Biggest States A-Z
8
1-10 Letter E Words III
More Sports Quizzes
Scotland footballers of the 1970s
Quiz Lab
Trending Quizzes
Risky Map Clicking: Least Populous States A-Z
1-10 Letter G Words
1-10 Letter F Words
One Thing in Common: United Kingdom
Risky Map Clicking: Next State Alphabetically
Recently Updated
Leaping Animals
pecheneg
Reality TV Shows (A-Z)
bhenderson79
Rickey Henderson's Hall of Fame Teammates
pecheneg
Champions League XIs: Arsenal
pecheneg
Quick Pick: Celebrities in WWE's Hall of Fame
aduchscher
A-Z Keypad Blitz II
pecheneg
Multiple Oscar Actors
pecheneg
Mystery Phrase Blitz: Oscar 'Best Actors'
pecheneg
F. Scott Fitzgerald Novels
LTH
Pick 3 Villains
ddd62291
Trending Topics
Disney
Crossword
Kpop
Harry Potter
Anime
NBA
Marvel
Soccer
Song
Country
WWE
Puzzle
NFL
Pokémon
The Office
Your Account Isn't Verified!
In order to create a playlist on Sporcle, you need to verify the email address you used during registration. Go to your
Sporcle Settings
to finish the process.
Report this User
Report this user for behavior that violates our
Community Guidelines
.
Details:
Send Report
Go to the Sporcle.com Mobile Site →
Comments